000
00205nam a2200085Ia 4500
008
170617s9999 xx 000 0 und d
100
_a
Lesikar R V
245
0
_a
Basic Business Communication with CD
260
_b
New Age
260
_c
2006
999
_c
15122
_d
15122